Statistics for Jurassic World : Fallen Kingdom Dinosaurs (Hard Version)

Click here to take the quiz!

General Stats

  • This quiz has been taken 63 times
  • The average score is 14 of 18

Answer Stats

Answer% Correct
Tyrannosaurus rex
100%
Velociraptor
100%
Allosaurus
93%
Brachiosaurus
93%
Triceratops
93%
Ankylosaurus
88%
Carnotaurus
88%
Indoraptor
83%
Stegosaurus
83%
Apatosaurus
80%
Baryonyx
80%
Pteranodon
73%
Sinoceratops
73%
Gallimimus
70%
Mosasaurus
70%
Stygimoloch
68%
Compsognathus
63%
Parasaurolophus
55%

Score Distribution

Percentile by Number Answered

Percent of People with Each Score

Your Score History

You have not taken this quiz